000 00374nam a2200121 4500
005 20260210123057.0
008 260210b |||||||| |||| 00| 0 eng d
020 _a9780743231886
100 _aMurkoff Heidi, Eisenberg Arlene & Hathaway Sandee
245 _aWhat to Expect the first year
_c/Heidi Murkoff
260 _aLondon;
_bSimon & Schuster UK Ltd;
_c1993
942 _2lcc
_n0
_cBK
999 _c149
_d149